Экономика предприятия: учебник+практикум

Détails bibliographiques
Auteur principal: Грибов В. Д. Владимир Дмитриевич
Autres auteurs: Грузинов В. П. Владимир Петрович
Résumé:Наложены теоретические основы экономики предприятия как система обобщенных знаний о предмете, методе, организации и результатах. Рассматриваются основы экономической деятельности предприятия в современных условиях. Описываются ресурсы и стратегия предприятия, инновации и возможности инвестирования, экономические показатели: издержки, прибыль, ценовая политика, таможенное и валютное регулирование дея тельности. Пособие содержит не только информационно-познавательный материал, но и методический: контрольные и итоговые тесты, вопросы для самопроверки, основные понятия и термины, задания. Пятое издание данной книги написано с учетом требований к профессиональным компетенциям в соответствии с новым профессиональным стандартом и послужит хорошей основой для дальнейшего изучения курсов: бухгалтерского учета, экономического анализа, финансов и кредита, маркетинга. Для подготовки бакалавров, специалистов, обучающихся по направлениям « Менеджмент», «Экономика и управление на предприятии», преподавателей, магистров, а также практикующих экономистов и менеджеров.
Langue:russe
Publié: Москва, Курс, 2013
Édition:5-е изд., перераб. и доп.
Sujets:
Format: Livre
KOHA link:https://koha.lib.tpu.ru/cgi-bin/koha/opac-detail.pl?biblionumber=221579

MARC

LEADER 00000nam0a2200000 4500
001 221579
005 20231101230419.0
010 |a 9785905554193 
010 |a 978-5-16-006132-0 
035 |a (RuTPU)RU\TPU\book\241753 
035 |a RU\TPU\book\183420 
090 |a 221579 
100 |a 20091106d2013 m y0rusy50 ca 
101 0 |a rus 
102 |a RU 
105 |a a j 001zy 
200 1 |a Экономика предприятия  |e учебник+практикум  |f В. Д. Грибов, В. П. Грузинов 
205 |a 5-е изд., перераб. и доп. 
210 |a Москва  |c Курс  |c Инфра-М  |d 2013 
215 |a 448 с.  |c ил. 
320 |a Библиогр.: с. 398. 
320 |a Словарь терминов и понятий: с. 383-397. 
330 |a Наложены теоретические основы экономики предприятия как система обобщенных знаний о предмете, методе, организации и результатах. Рассматриваются основы экономической деятельности предприятия в современных условиях. Описываются ресурсы и стратегия предприятия, инновации и возможности инвестирования, экономические показатели: издержки, прибыль, ценовая политика, таможенное и валютное регулирование дея тельности. Пособие содержит не только информационно-познавательный материал, но и методический: контрольные и итоговые тесты, вопросы для самопроверки, основные понятия и термины, задания. Пятое издание данной книги написано с учетом требований к профессиональным компетенциям в соответствии с новым профессиональным стандартом и послужит хорошей основой для дальнейшего изучения курсов: бухгалтерского учета, экономического анализа, финансов и кредита, маркетинга. Для подготовки бакалавров, специалистов, обучающихся по направлениям « Менеджмент», «Экономика и управление на предприятии», преподавателей, магистров, а также практикующих экономистов и менеджеров. 
451 1 |0 (RuTPU)RU\TPU\book\75131  |y 5-279-02847-9  |t Экономика предприятия  |o учебник + практикум  |f В. Д. Грибов, В. П. Грузинов  |e 3-е изд., перераб. и доп.  |c М.  |n Финансы и статистика  |d 2006  |p 336 с.  |a Грибов, Владимир Дмитриевич 
606 1 |a Предприятия  |x Экономика  |2 stltpush  |3 (RuTPU)RU\TPU\subj\36689  |9 57982 
610 1 |a производственная структура 
610 1 |a организационная структура 
610 1 |a инфраструктура 
610 1 |a производство 
610 1 |a производственный цикл 
610 1 |a уставной капитал 
610 1 |a имущество 
610 1 |a основные фонды 
610 1 |a оборотные средства 
610 1 |a управление запасами 
610 1 |a кадры 
610 1 |a персонал 
610 1 |a производительность труда 
610 1 |a нормирование 
610 1 |a оплата 
610 1 |a рынок труда 
610 1 |a производственная мощность 
610 1 |a производственная программа 
610 1 |a продукция 
610 1 |a конкурентоспособность 
610 1 |a сертификация 
610 1 |a ценовая политика 
610 1 |a ценообразование 
610 1 |a предпринимательская деятельность 
610 1 |a предпринимательство 
610 1 |a малое предпринимательство 
610 1 |a инновационная деятельность 
610 1 |a инвестиционная деятельность 
610 1 |a бизнес-планы 
610 1 |a внешнеэкономическая деятельность 
610 1 |a совместное предпринимательство 
610 1 |a внешнеторговые контракты 
610 1 |a таможенные тарифы 
610 1 |a лизинг 
610 1 |a инжиниринг 
610 1 |a валютное регулирование 
610 1 |a экономические показатели 
610 1 |a ассортиментная политика 
610 1 |a рентабельность 
610 1 |a финансовый анализ 
610 1 |a бухгалтерский баланс 
610 1 |a учебники 
610 1 |a практикумы 
686 |a У9(2)29я73  |v LBC/SL-A  |2 rubbk 
700 1 |a Грибов  |b В. Д.  |g Владимир Дмитриевич 
701 1 |a Грузинов  |b В. П.  |g Владимир Петрович 
801 1 |a RU  |b 63413507  |c 20120912 
801 2 |a RU  |b 63413507  |c 20150616  |g RCR 
900 |a Экономика предприятия 
942 |c BK 
951 |b 080100 
959 |a 114/20120911  |d 2  |e 359,90  |f ЧЗГЛ:1  |f АНЛ:1